Bystřejší mozek : jak zlepšit jeho výkon v každém věku /
Uložené v:
| Hlavní autori: | , |
|---|---|
| Ďalší autori: | |
| Médium: | Kniha |
| Jazyk: | Czech English |
| Vydané: |
Brno :
Jan Melvil Publishing,
2022.
|
| Vydanie: | Vydání první |
| Edícia: | Žádná velká věda
|
| Témy: | |
| ISBN: |
9788075551542 |
| Fyzický popis: |
328 strán : čiernobiele ilustrácie ; 22 cm. |
| Tagy: |
Pridať tag
Žiadne tagy, Buďte prvý kto otaguje tento záznam!
|
Titul je dostupný aj v ... 

MARC
| LEADER | 00000nam a2200000 i 4500 | ||
|---|---|---|---|
| 001 | 000680708 | ||
| 005 | 20220609095121.0 | ||
| 008 | 220502s2022 xr a g f 001 0dcze d | ||
| 020 | |a 9788075551542 |q (brožované) | ||
| 040 | |a SVKKK |b slo |c SVKKK |e rda | ||
| 041 | 1 | |a cze |h eng | |
| 044 | |a xr |c CZ | ||
| 072 | 7 | |a 159.92 |x Vývinová psychológia. Individuálna psychológia |2 konspekt | |
| 080 | |a 159.923.5 |2 2011 | ||
| 080 | |a 159.955 |2 2011 | ||
| 080 | |a 612.825.8.063 |2 2011 | ||
| 080 | |a 612.825.063 |2 2011 | ||
| 080 | |a 159.953 |2 2011 | ||
| 080 | |a 613 |2 2011 | ||
| 080 | |a (0.062) |2 2011 | ||
| 100 | 1 | |a Gupta, Sanjay, |d 1969- |4 aut | |
| 240 | 1 | 0 | |a Keep sharp: build a better brain at any age. |l Česky |
| 245 | 1 | 0 | |a Bystřejší mozek : |b jak zlepšit jeho výkon v každém věku / |c Sanjay Gupta a Kristin Lobergová ; překlad Helena Mirovská. |
| 250 | |a Vydání první | ||
| 264 | 1 | |a Brno : |b Jan Melvil Publishing, |c 2022. | |
| 300 | |a 328 strán : |b čiernobiele ilustrácie ; |c 22 cm. | ||
| 336 | |a text |b txt |2 rdacontent | ||
| 337 | |a bez média |b n |2 rdamedia | ||
| 338 | |a zväzok |b nc |2 rdacarrier | ||
| 490 | 1 | |a Žádná velká věda | |
| 500 | |a Preložené z angličtiny | ||
| 500 | |a Obálkový podnázov: 12týdenní posilující program | ||
| 500 | |a Obsahuje biografickjé údaje o autorovi | ||
| 504 | |a Obsahuje bibliografické odkazy a register | ||
| 650 | 0 | 7 | |a sebazdokonaľovanie |2 SVKKKPH |
| 650 | 0 | 7 | |a rozvoj myslenia |2 SVKKKPH |
| 650 | 0 | 7 | |a stimulácia duševnej činnosti |2 SVKKKPH |
| 650 | 0 | 7 | |a stimulácia mozgu |2 SVKKKPH |
| 650 | 0 | 7 | |a tréning pamäti |2 SVKKKPH |
| 650 | 0 | 7 | |a zdravý životný štýl |2 SVKKKPH |
| 650 | 0 | 7 | |a self-actualization |2 SVKKKPHeng |
| 650 | 0 | 7 | |a development of thought |2 SVKKKPHeng |
| 650 | 0 | 7 | |a mental activity stimulation |2 SVKKKPHeng |
| 650 | 0 | 7 | |a brain stimulation |2 SVKKKPHeng |
| 650 | 0 | 7 | |a memory training |2 SVKKKPHeng |
| 650 | 0 | 7 | |a healthy lifestyle |2 SVKKKPHeng |
| 655 | 7 | |a populárno-náučné publikácie |2 SVKKKPH | |
| 655 | 7 | |a popular works |2 SVKKKPHeng | |
| 700 | 1 | |a Loberg, Kristin |4 aut | |
| 700 | 1 | |a Mirovská, Helena, |d 1979- |4 trl | |
| 830 | 0 | |a Žádná velká věda | |
| 910 | |a svkkk | ||
| 919 | |a 978-80-7555-154-2 | ||
| 998 | |a BK | ||
| 090 | |g SCKHL |k Sklad Hlavná 10 prízemie |a IV.242749 |j 1116974 |i 2720893456 |s Absenčne | ||